[Event "Sunningdale e2e4 op U2050 05"]
[Site "Sunningdale"]
[Date "2013.05.27"]
[Round "6"]
[White "Kalavannan, Koby"]
[Black "Kourtseva, Julie"]
[Result "1-0"]
[WhiteElo "1713"]
[BlackElo "1784"]
[PlyCount "77"]
[EventDate "2013.05.24"]
[EventType "swiss"]
[EventRounds "7"]
[EventCountry "ENG"]
[SourceTitle "EXT 2014"]
[Source "ChessBase"]
[SourceDate "2013.11.20"]
[SourceVersion "1"]
[SourceVersionDate "2013.11.20"]
[SourceQuality "1"]

1. e4 d5 2. exd5 Qxd5 3. Nc3 Qa5 4. d4 c6 5. Nf3 Bf5 6. g3 e6 7. Bg2 Nf6 8. Bd2 Qc7 9. 0-0 Bd6 10. Re1 0-0 11. Rc1 Nbd7 12. Qe2 Rad8 13. Bg5 h6 14. Bd2 Rfe8 15. Qc4 e5 16. dxe5 Nxe5 17. Nxe5 Bxe5 18. Be3 Be6 19. Qc5 Nd5 20. Nxd5 Bxd5 21. c3 b6 22. Qa3 Bd6 23. Qa4 Bxg2 24. Kxg2 Re5 25. Qg4 Kh7 26. h4 f5 27. Qf3 Rde8 28. Red1 g6 29. Rd2 Re4 30. Rcd1 R4e6 31. Bf4 Rd8 32. Bxd6 Rexd6 33. Qf4 g5 34. hxg5 hxg5 35. Qxf5+ Kh6 36. Rh1+ Kg7 37. Qxg5+ Kf8 38. Rh8+ Kf7 39. Rh7+ 1-0

[Event "High Wycombe e2e4 U2000 op 03"]
[Site "High Wycombe"]
[Date "2013.03.09"]
[Round "3"]
[White "Jackson, Paul G"]
[Black "Kourtseva, Julie"]
[Result "0-1"]
[WhiteElo "1879"]
[BlackElo "1756"]
[PlyCount "86"]
[EventDate "2013.03.08"]
[EventType "swiss"]
[EventRounds "5"]
[EventCountry "ENG"]
[SourceTitle "EXT 2015"]
[Source "ChessBase"]
[SourceDate "2014.11.20"]
[SourceVersion "1"]
[SourceVersionDate "2014.11.20"]
[SourceQuality "1"]

1. d4 d5 2. c4 c6 3. cxd5 cxd5 4. Nc3 Nf6 5. Bg5 e6 6. e3 Be7 7. Bd3 0-0 8. f4 Nc6 9. Nf3 Ng4 10. Bxh7+ Kh8 11. Qe2 f6 12. h3 Nxe3 13. Bg6 Nf5 14. Bh4 Kg8 15. Bf2 Bd6 16. g3 Bd7 17. h4 Nce7 18. h5 Nxg6 19. hxg6 Qe8 20. g4 Ne7 21. Nh4 Bxf4 22. Be3 Bxe3 23. Qxe3 Nxg6 24. 0-0-0 Rc8 25. Kb1 Nxh4 26. Rxh4 Qg6+ 27. Ka1 Rfe8 28. Rdh1 Kf7 29. Qf4 e5 30. dxe5 Rxe5 31. Rh5 Rce8 32. Rxe5 Rxe5 33. Rf1 Qg5 34. Qb4 Bc6 35. Qd6 a6 36. a3 Re6 37. Qc7+ Re7 38. Qd6 Qxg4 39. Rd1 Rd7 40. Qc5 Qc4 41. Qg1 d4 42. Nb1 Bd5 43. Nd2 Qa2# 0-1

[Event "High Wycombe e2e4 U2000 op 03"]
[Site "High Wycombe"]
[Date "2013.03.09"]
[Round "2"]
[White "Kourtseva, Julie"]
[Black "Valentine, Brian J"]
[Result "1/2-1/2"]
[WhiteElo "1756"]
[BlackElo "1973"]
[PlyCount "74"]
[EventDate "2013.03.08"]
[EventType "swiss"]
[EventRounds "5"]
[EventCountry "ENG"]
[SourceTitle "EXT 2015"]
[Source "ChessBase"]
[SourceDate "2014.11.20"]
[SourceVersion "1"]
[SourceVersionDate "2014.11.20"]
[SourceQuality "1"]

1. d4 Nf6 2. Nf3 e6 3. e3 b6 4. Bd3 Bb7 5. 0-0 Be7 6. Nbd2 d5 7. b3 0-0 8. Bb2 c5 9. Re1 Nc6 10. a3 Qc7 11. Qe2 Rfd8 12. Rad1 Rac8 13. c4 Bf8 14. Bb1 Qe7 15. e4 cxd4 16. e5 Nd7 17. cxd5 exd5 18. Nxd4 Nxd4 19. Qd3 Nf5 20. Qxf5 g6 21. Qh3 Nc5 22. f4 Rc7 23. f5 Bc8 24. e6 Ne4 25. Nxe4 dxe4 26. Rxd8 Qxd8 27. fxg6 fxg6 28. Bxe4 Qd2 29. Rb1 Qh6 30. Qxh6 Bxh6 31. Bd5 Kf8 32. a4 Be3+ 33. Kf1 Ba6+ 34. Ke1 Rc2 35. Ba3+ Ke8 36. Be4 Re2+ 37. Kd1 Rd2+ 1/2-1/2

[Event "BCF-chT3S 1213 (4NCL)"]
[Site "England"]
[Date "2012.11.04"]
[Round "2.220"]
[White "Buttell, David"]
[Black "Kourtseva, Julie"]
[Result "1-0"]
[WhiteElo "1801"]
[BlackElo "1756"]
[PlyCount "81"]
[EventDate "2012.11.03"]
[EventType "team-swiss"]
[EventRounds "6"]
[EventCountry "ENG"]
[SourceTitle "EXT 2014"]
[Source "ChessBase"]
[SourceDate "2013.11.20"]
[SourceVersion "1"]
[SourceVersionDate "2013.11.20"]
[SourceQuality "1"]
[WhiteTeam "Celtic Tigers"]
[BlackTeam "Sons of Anarchy"]
[WhiteTeamCountry "ENG"]
[BlackTeamCountry "ENG"]

1. d4 d5 2. c4 c6 3. Nf3 Nf6 4. Nc3 dxc4 5. a4 Nbd7 6. e3 Qc7 7. Bxc4 e6 8. 0-0 Bb4 9. Bd2 0-0 10. Qc2 e5 11. Bd3 exd4 12. Nb5 Qa5 13. Bxb4 Qxb4 14. Nbxd4 Nc5 15. Rfc1 Nxd3 16. Qxd3 Bg4 17. Qa3 Qxa3 18. Rxa3 Bxf3 19. Nxf3 a5 20. Rb3 Rfb8 21. Ne5 Kf8 22. Kf1 Ke7 23. Ke2 Ke6 24. Nd3 Kd6 25. f3 Nd7 26. e4 f6 27. Ke3 Ne5 28. Nxe5 fxe5 29. Rd3+ Ke6 30. Rcd1 Ra6 31. Rd7 c5 32. Rxg7 Rb6 33. Rd2 Rb3+ 34. Ke2 h5 35. Rg6+ Kf7 36. Rg5 Ke6 37. Rxh5 Rg8 38. Kf2 Rb4 39. Rh6+ Kf7 40. Rh7+ Rg7 41. Rd7+ 1-0

[Event "London e2e4 Diamond Jubilee op-C"]
[Site "London"]
[Date "2012.06.04"]
[Round "5"]
[White "Nkomo, Melusi"]
[Black "Kourtseva, Julie"]
[Result "1-0"]
[WhiteElo "1830"]
[BlackElo "1784"]
[PlyCount "99"]
[EventDate "2012.06.02"]
[EventType "swiss"]
[EventRounds "7"]
[EventCountry "ENG"]
[SourceTitle "EXT 2014"]
[Source "ChessBase"]
[SourceDate "2013.11.20"]
[SourceVersion "1"]
[SourceVersionDate "2013.11.20"]
[SourceQuality "1"]

1. e4 e6 2. d4 d5 3. Nd2 dxe4 4. Nxe4 Bd7 5. Nf3 Bc6 6. Bd3 Nd7 7. 0-0 Ngf6 8. Bg5 Be7 9. Re1 Nxe4 10. Bxe7 Qxe7 11. Bxe4 Bxe4 12. Rxe4 Nf6 13. Re2 0-0 14. Qd3 Rad8 15. Qc4 Rd6 16. Qb4 c6 17. c4 Qc7 18. Rd1 c5 19. Qa4 cxd4 20. Rxd4 Ra6 21. Qb3 Rc6 22. Qd3 Rc8 23. b3 Rc5 24. Rd2 Kf8 25. h3 Ke8 26. Nh2 h5 27. Nf1 a5 28. Ng3 a4 29. Ne4 Nxe4 30. Qxe4 Re5 31. Qf4 Re1+ 32. Kh2 Qxf4+ 33. Rxf4 axb3 34. axb3 Rc1 35. Rd3 Rc5 36. Rfd4 b5 37. Rd8+ Ke7 38. R3d7+ Kf6 39. Rb8 bxc4 40. bxc4 R1xc4 41. Rbb7 g6 42. Rxf7+ Kg5 43. Rb6 Rf5 44. Re7 e5 45. Ree6 Rxf2 46. Rxe5+ Kf4 47. Ree6 g5 48. Rf6+ Ke3 49. Rbe6+ Re4 50. Rxe4+ 1-0

[Event "BCF-chTb 1112 (4NCL)"]
[Site "England"]
[Date "2012.03.31"]
[Round "7.48"]
[White "Kourtseva, Julie"]
[Black "Longson, Sarah N"]
[Result "0-1"]
[WhiteElo "1792"]
[BlackElo "2062"]
[PlyCount "98"]
[EventDate "2011.11.12"]
[EventType "team-tourn"]
[EventRounds "7"]
[EventCountry "ENG"]
[SourceTitle "EXT 2013"]
[Source "ChessBase"]
[SourceDate "2012.11.22"]
[SourceVersion "1"]
[SourceVersionDate "2012.11.22"]
[SourceQuality "1"]
[WhiteTeam "Cambridge"]
[BlackTeam "Wood Green Hilsmark II"]
[WhiteTeamCountry "ENG"]
[BlackTeamCountry "ENG"]

1. d4 Nf6 2. Nf3 g6 3. c4 Bg7 4. Nc3 d5 5. e3 0-0 6. cxd5 Nxd5 7. Bc4 Nxc3 8. bxc3 c5 9. 0-0 Qc7 10. Be2 Rd8 11. Bb2 e5 12. Qb3 Nc6 13. dxe5 Be6 14. Qc2 Nxe5 15. c4 Nxf3+ 16. gxf3 Be5 17. Bxe5 Qxe5 18. f4 Qf6 19. Rad1 Bh3 20. Rfe1 Re8 21. Rd5 Rac8 22. Red1 Bf5 23. Qa4 Be4 24. Rd6 Qf5 25. Qd7 Qxd7 26. Rxd7 Bc6 27. R7d6 Kf8 28. Bg4 f5 29. Bh3 Ke7 30. Bg2 Ba4 31. R1d2 b6 32. R6d5 Kf7 33. Bf3 Bc6 34. Rd7+ Bxd7 35. Rxd7+ Re7 36. Bd5+ Kf8 37. Rxe7 Kxe7 38. a4 Rd8 39. f3 Kf6 40. Kf2 g5 41. Kg3 Re8 42. fxg5+ Kxg5 43. h4+ Kf6 44. Kf4 Re7 45. e4 fxe4 46. fxe4 Rg7 47. e5+ Ke7 48. Kf5 Rg3 49. Bc6 h5 0-1

[Event "High Wycombe e2e4 op 03"]
[Site "High Wycombe"]
[Date "2012.03.17"]
[Round "3"]
[White "Kourtseva, Julie"]
[Black "Bonafont, Philip"]
[Result "0-1"]
[WhiteElo "1791"]
[BlackElo "2098"]
[PlyCount "40"]
[EventDate "2012.03.16"]
[EventType "swiss"]
[EventRounds "5"]
[EventCountry "ENG"]
[SourceTitle "CBM 147 Extra"]
[Source "ChessBase"]
[SourceDate "2012.04.24"]
[SourceVersion "1"]
[SourceVersionDate "2012.04.24"]
[SourceQuality "1"]

1. d4 d5 2. Nf3 Nf6 3. c3 g6 4. e3 Bg7 5. Bd3 0-0 6. Nbd2 b6 7. 0-0 Bb7 8. Qc2 Nbd7 9. b3 c5 10. Ba3 Rc8 11. Qb2 Re8 12. Rac1 e5 13. dxe5 Ng4 14. Qb1 Ngxe5 15. Nxe5 Nxe5 16. Bb5 Re6 17. Bb2 c4 18. bxc4 dxc4 19. Nf3 Nxf3+ 20. gxf3 Qg5+ 0-1

[Event "Brighton e2e4 Challengers-B"]
[Site "Brighton"]
[Date "2012.02.17"]
[Round "5"]
[White "Kourtseva, Julie"]
[Black "Jaunooby, Ali Reza"]
[Result "1/2-1/2"]
[WhiteElo "1761"]
[BlackElo "2146"]
[PlyCount "165"]
[EventDate "2012.02.15"]
[EventType "tourn"]
[EventRounds "9"]
[EventCountry "ENG"]
[SourceTitle "EXT 2014"]
[Source "ChessBase"]
[SourceDate "2013.11.20"]
[SourceVersion "1"]
[SourceVersionDate "2013.11.20"]
[SourceQuality "1"]

1. d4 g6 2. Nf3 Bg7 3. e4 d6 4. c4 Bg4 5. Be2 c5 6. dxc5 Qa5+ 7. Bd2 Qxc5 8. Bc3 Nf6 9. Nbd2 0-0 10. 0-0 Nc6 11. Rc1 a5 12. Qc2 a4 13. Qb1 Bh6 14. Rcd1 Nh5 15. Nd4 Bxe2 16. Nxe2 Bxd2 17. Rxd2 Qxc4 18. Rc1 Qe6 19. Nd4 Qg4 20. f3 Qg5 21. Nxc6 bxc6 22. Qd3 Nf4 23. Qd4 f6 24. Qc4+ Kg7 25. Kh1 Nxg2 26. Rg1 Ne3 27. Qxc6 Qf4 28. Rf2 Qh4 29. Re2 Qf4 30. Rf2 d5 31. exd5 Qf5 32. Qe6 Qxe6 33. dxe6 Rfd8 34. Bb4 Nd5 35. Ba3 f5 36. Rd2 Kf6 37. Re1 Nf4 38. Rd7 Rxd7 39. exd7 Nd5 40. Bc5 Rd8 41. Bd4+ Kf7 42. Rc1 Rxd7 43. Rc4 Nf4 44. Rxa4 e5 45. Ra7 Rxa7 46. Bxa7 Nd3 47. b3 Nc1 48. b4 Ke6 49. a4 Kd5 50. b5 Nb3 51. Kg2 Kc4 52. Bb8 e4 53. fxe4 fxe4 54. b6 Na5 55. Kf2 Kb4 56. Ke3 Nc4+ 57. Kxe4 Nxb6 58. h4 Nd7 59. Bd6+ Kxa4 60. Kf4 Nf6 61. Be5 Ng8 62. h5 gxh5 63. Kg5 Kb5 64. Kxh5 Kc4 65. Kg5 Kd5 66. Bb8 Ke6 67. Kg4 Kf6 68. Bf4 Kg6 69. Bg5 Kg7 70. Kh5 Kf7 71. Bh4 Ke6 72. Kg5 Ke5 73. Kh5 Kf4 74. Bg5+ Kg3 75. Bh4+ Kh3 76. Bg5 Kg3 77. Bh4+ Kf4 78. Bg5+ Kf5 79. Bh4 Ke6 80. Bg5 Kf7 81. Bh4 h6 82. Bg5 hxg5 83. Kxg5 1/2-1/2

[Event "Brighton e2e4 Challengers-B"]
[Site "Brighton"]
[Date "2012.02.16"]
[Round "3"]
[White "Kourtseva, Julie"]
[Black "Gibbs, Dominic V"]
[Result "0-1"]
[WhiteElo "1761"]
[BlackElo "1953"]
[PlyCount "138"]
[EventDate "2012.02.15"]
[EventType "tourn"]
[EventRounds "9"]
[EventCountry "ENG"]
[SourceTitle "EXT 2014"]
[Source "ChessBase"]
[SourceDate "2013.11.20"]
[SourceVersion "1"]
[SourceVersionDate "2013.11.20"]
[SourceQuality "1"]

1. d4 f5 2. g3 Nf6 3. Bg2 g6 4. c3 Bg7 5. Qb3 c6 6. Nh3 d5 7. Nd2 0-0 8. 0-0 Kh8 9. Nf3 Ne4 10. Nf4 Qd6 11. Nd3 Nd7 12. Bf4 Qe6 13. Rad1 Ndf6 14. Qc2 h6 15. h4 Nh5 16. Be5 Bf6 17. Qc1 Kg7 18. Nf4 Nxf4 19. Bxf4 Rh8 20. Rd3 Qg8 21. Be5 Be6 22. Bxf6+ exf6 23. Nh2 Qb8 24. f4 g5 25. Bxe4 dxe4 26. Re3 gxh4 27. gxh4 Bxa2 28. Rg3+ Kh7 29. Kf2 Qc7 30. Rfg1 Rhg8 31. e3 Rxg3 32. Rxg3 Rg8 33. Nf1 Rxg3 34. Nxg3 Qg7 35. Qa1 Qg4 36. Qxa2 Qf3+ 37. Ke1 Qxg3+ 38. Kd2 Qf2+ 39. Kd1 Qf1+ 40. Kc2 Qg2+ 41. Kc1 Qg1+ 42. Kd2 Qg8 43. Qxa7 Qf7 44. Qc5 Qe6 45. c4 Kg6 46. d5 cxd5 47. Qxd5 Qe7 48. c5 Kh5 49. Qxf5+ Kxh4 50. Qd5 Kg4 51. b4 h5 52. Qg8+ Kh3 53. Qc8+ Kg3 54. f5 h4 55. Qe6 Qg7 56. Qd6+ Kg2 57. Qf4 Qd7+ 58. Qd6 Qxf5 59. Qd8 h3 60. Qg8+ Kf2 61. Qh8 Kg1 62. Qg7+ Kh2 63. Qxb7 Qf2+ 64. Kd1 Qf3+ 65. Kd2 Kg2 66. Qg7+ Qg3 67. Qxf6 h2 68. Qc6 Qf2+ 69. Kd1 h1Q# 0-1

[Event "Brighton e2e4 Challengers-B"]
[Site "Brighton"]
[Date "2012.02.16"]
[Round "2"]
[White "Tarhon, Brian"]
[Black "Kourtseva, Julie"]
[Result "0-1"]
[WhiteElo "1828"]
[BlackElo "1761"]
[PlyCount "127"]
[EventDate "2012.02.15"]
[EventType "tourn"]
[EventRounds "9"]
[EventCountry "ENG"]
[SourceTitle "EXT 2014"]
[Source "ChessBase"]
[SourceDate "2013.11.20"]
[SourceVersion "1"]
[SourceVersionDate "2013.11.20"]
[SourceQuality "1"]

1. e4 e6 2. d4 d5 3. Nc3 dxe4 4. Nxe4 Bd7 5. Nf3 Bc6 6. Bd3 Nd7 7. 0-0 Ngf6 8. Ned2 Be7 9. b3 b6 10. Bb2 0-0 11. c4 Bb7 12. Qe2 c5 13. Rad1 cxd4 14. Nxd4 Re8 15. Ne4 Nxe4 16. Bxe4 Bxe4 17. Qxe4 Nf6 18. Qe2 Qc8 19. Rd3 Qb7 20. Rfd1 Rad8 21. h3 a6 22. a3 Rd7 23. b4 Red8 24. Nf3 Rxd3 25. Rxd3 Rxd3 26. Qxd3 Qe4 27. Qxe4 Nxe4 28. Bd4 a5 29. Bxb6 axb4 30. axb4 Bxb4 31. Kf1 Kf8 32. Ke2 f6 33. Kd3 Bc5 34. Bxc5+ Nxc5+ 35. Kd4 Nb3+ 36. Kc3 Nc5 37. Kb4 Nd3+ 38. Kb5 Ke7 39. c5 Kd7 40. c6+ Kc7 41. Nd4 Nf4 42. g3 e5 43. gxf4 exd4 44. Kc4 Kxc6 45. Kxd4 g6 46. Ke4 Kd6 47. f5 g5 48. Kd4 Kc6 49. Kc4 h6 50. f3 h5 51. Kd4 Kd6 52. Ke4 Kc5 53. h4 gxh4 54. f4 h3 55. Kf3 Kd4 56. Kg3 Ke3 57. Kxh3 Kxf4 58. Kh4 Kxf5 59. Kxh5 Ke4 60. Kg4 f5+ 61. Kg3 Ke3 62. Kg2 f4 63. Kf1 Kf3 64. Ke1 0-1

[Event "Sunningdale e2e4 Major"]
[Site "Sunningdale"]
[Date "2011.09.16"]
[Round "1"]
[White "Kourtseva, Julie"]
[Black "Tart, Peter K"]
[Result "0-1"]
[WhiteElo "1777"]
[BlackElo "1946"]
[PlyCount "86"]
[EventDate "2011.09.16"]
[EventType "swiss"]
[EventRounds "5"]
[EventCountry "ENG"]
[SourceTitle "EXT 2023"]
[Source "ChessBase"]
[SourceDate "2022.10.05"]
[SourceVersion "1"]
[SourceVersionDate "2022.10.05"]
[SourceQuality "1"]

1. d4 g6 2. c4 Bg7 3. Nc3 c5 4. Nf3 cxd4 5. Nxd4 Nc6 6. e3 Qb6 7. Na4 Qd8 8. Be2 Nf6 9. 0-0 0-0 10. Nc3 Nxd4 11. exd4 d5 12. Be3 dxc4 13. Bxc4 Ng4 14. Qb3 Bxd4 15. Bxd4 Qxd4 16. Rad1 Qe5 17. g3 Qh5 18. h4 Ne5 19. Be2 Bg4 20. Bxg4 Qxg4 21. Nd5 Nf3+ 22. Kg2 Nxh4+ 23. Kh2 Nf5 24. Qxb7 Rfb8 25. Qxe7 Qh5+ 26. Qh4 Qxh4+ 27. gxh4 Rxb2 28. h5 Rxa2 29. hxg6 hxg6 30. Nc7 Rc8 31. Rd7 a5 32. Kg2 Ne3+ 33. Kf3 Nxf1 34. Nb5 a4 35. Rxf7 Nd2+ 36. Kg4 Kxf7 37. Nd6+ Kf6 38. Nxc8 a3 39. Nd6 Rc2 40. f4 a2 41. f5 gxf5+ 42. Kf4 a1Q 43. Nb5 Qe5# 0-1

[Event "Sunningdale e2e4 Major op"]
[Site "Sunningdale"]
[Date "2011.05.28"]
[Round "2"]
[White "Kourtseva, Julie"]
[Black "Fitzgerald, Robert"]
[Result "1-0"]
[WhiteElo "1722"]
[BlackElo "1962"]
[PlyCount "73"]
[EventDate "2011.05.27"]
[EventType "swiss"]
[EventRounds "7"]
[EventCountry "ENG"]
[SourceTitle "EXT 2023"]
[Source "ChessBase"]
[SourceDate "2022.10.05"]
[SourceVersion "1"]
[SourceVersionDate "2022.10.05"]
[SourceQuality "1"]

1. d4 Nf6 2. c4 g6 3. Nc3 Bg7 4. e4 d6 5. Be2 0-0 6. Nf3 e5 7. dxe5 dxe5 8. Qxd8 Rxd8 9. Bg5 Re8 10. Nd5 Nxd5 11. cxd5 c6 12. Bc4 cxd5 13. Bxd5 Nd7 14. Ke2 Nc5 15. Rac1 Ne6 16. Rhd1 Nd4+ 17. Nxd4 exd4 18. Kd3 Be6 19. Bxb7 Rab8 20. Bc6 Rec8 21. b3 f5 22. Bd5 fxe4+ 23. Bxe4 Rc3+ 24. Rxc3 dxc3 25. Kc2 Bf5 26. Bxf5 gxf5 27. Rd8+ Rxd8 28. Bxd8 Bd4 29. f3 Be5 30. h3 f4 31. Ba5 Kf7 32. Bxc3 Bc7 33. Kd3 Kg6 34. Ke4 Kg5 35. Be5 Bb6 36. Bxf4+ Kf6 37. Be3 1-0

[Event "BCF-chT2 1011 (4NCL)"]
[Site "England"]
[Date "2011.03.27"]
[Round "8.78"]
[White "Kourtseva, Julie"]
[Black "Gilfillan, Andrew"]
[Result "0-1"]
[WhiteElo "1722"]
[BlackElo "1978"]
[PlyCount "98"]
[EventDate "2010.11.06"]
[EventType "team-swiss"]
[EventRounds "11"]
[EventCountry "ENG"]
[SourceTitle "EXT 2012"]
[Source "ChessBase"]
[SourceDate "2011.11.24"]
[SourceVersion "1"]
[SourceVersionDate "2011.11.24"]
[SourceQuality "1"]
[WhiteTeam "Cambridge II"]
[BlackTeam "Kings Head"]
[WhiteTeamCountry "ENG"]
[BlackTeamCountry "ENG"]

1. d4 d5 2. c4 dxc4 3. Nf3 Nf6 4. e3 Bg4 5. Bxc4 e6 6. 0-0 Nbd7 7. Nbd2 Bd6 8. Qb3 Nb6 9. Bd3 0-0 10. e4 Bf4 11. Qc3 a5 12. Bc2 c6 13. Ne5 Nbd7 14. Nxg4 Nxg4 15. Nf3 Bxc1 16. Raxc1 e5 17. Nxe5 Ndxe5 18. dxe5 Re8 19. Qh3 Nxe5 20. f4 Nc4 21. b3 Qd4+ 22. Rf2 Ne3 23. e5 Nxc2 24. Qf3 Ne3 25. Kh1 Rad8 26. Re1 Nf5 27. g4 Nh4 28. Qg3 Ng6 29. Rfe2 Qxf4 30. Qxf4 Nxf4 31. Re4 Nd3 32. R1e2 Nc1 33. Rc2 Nd3 34. Rce2 Rd5 35. e6 fxe6 36. Rxe6 Rxe6 37. Rxe6 Nf2+ 38. Kg2 Nxg4 39. Re7 b5 40. Ra7 b4 41. h3 Ne5 42. Kg3 h6 43. h4 h5 44. Ra6 Kf7 45. Kf4 Kf6 46. Ke4 Rc5 47. Kd4 Nd7 48. Ra7 Rd5+ 49. Kc4 Nb6# 0-1

[Event "BCF-chT2 1011 (4NCL)"]
[Site "England"]
[Date "2011.01.15"]
[Round "3.38"]
[White "Messere, Owen"]
[Black "Kourtseva, Julie"]
[Result "0-1"]
[WhiteElo "1778"]
[BlackElo "1722"]
[PlyCount "58"]
[EventDate "2010.11.06"]
[EventType "team-swiss"]
[EventRounds "11"]
[EventCountry "ENG"]
[SourceTitle "EXT 2012"]
[Source "ChessBase"]
[SourceDate "2011.11.24"]
[SourceVersion "1"]
[SourceVersionDate "2011.11.24"]
[SourceQuality "1"]
[WhiteTeam "Poisoned Pawns II"]
[BlackTeam "Cambridge II"]
[WhiteTeamCountry "ENG"]
[BlackTeamCountry "ENG"]

1. e4 e6 2. d4 d5 3. e5 c5 4. c3 Nc6 5. Nf3 Bd7 6. Be2 cxd4 7. cxd4 Qb6 8. Nc3 Nge7 9. 0-0 Nf5 10. Na4 Qa5 11. Bd2 Bb4 12. Bxb4 Nxb4 13. Nc5 Qb6 14. Ng5 Bb5 15. Bxb5+ Qxb5 16. Qh5 g6 17. Qf3 Nc2 18. Rad1 Ncxd4 19. Rxd4 Qxc5 20. Rfd1 h6 21. Nxf7 Nxd4 22. Qf6 Rh7 23. Nd6+ Kd7 24. Qxg6 Re7 25. Qxh6 Qc2 26. Rf1 Rh7 27. Qe3 Ne2+ 28. Kh1 Rxh2+ 29. Kxh2 Rh8+ 0-1

[Event "BCF-chT3 0910 (4NCL)"]
[Site "England"]
[Date "2010.02.21"]
[Round "6.6"]
[White "Ociepka, Dominika"]
[Black "Kourtseva, Julie"]
[Result "0-1"]
[WhiteElo "1554"]
[BlackElo "1706"]
[PlyCount "90"]
[EventDate "2009.10.24"]
[EventType "team-tourn"]
[EventRounds "11"]
[EventCountry "ENG"]
[SourceTitle "EXT 2011"]
[Source "ChessBase"]
[SourceDate "2010.11.26"]
[SourceVersion "1"]
[SourceVersionDate "2010.11.26"]
[SourceQuality "1"]
[WhiteTeam "Hackney"]
[BlackTeam "Cambridge University II"]
[WhiteTeamCountry "ENG"]
[BlackTeamCountry "ENG"]

1. e4 Nf6 2. Nc3 d5 3. e5 d4 4. exf6 dxc3 5. bxc3 exf6 6. d4 Be6 7. Nf3 Be7 8. Bd3 0-0 9. 0-0 c5 10. Be3 Nc6 11. Be2 Rc8 12. Qd2 cxd4 13. cxd4 Nb4 14. Bd3 Nxd3 15. cxd3 Bd5 16. Qe2 Bd6 17. Rfc1 Qd7 18. Nd2 Rxc1+ 19. Rxc1 Bxa2 20. Ne4 Bd5 21. f3 Bb8 22. Qf2 a5 23. Nc5 Qd6 24. Qh4 g5 25. Qh6 Qe7 26. Ne4 Bxe4 27. dxe4 Kh8 28. d5 Rg8 29. Bd4 Be5 30. Bxe5 Qxe5 31. Rb1 Qd4+ 32. Kh1 b5 33. h3 b4 34. Qh5 Kg7 35. Qg4 Rd8 36. Qg3 Rc8 37. Qe1 Qc3 38. Qd1 Qc2 39. Qe1 b3 40. d6 b2 41. d7 Qxb1 42. Qxb1 Rc1+ 43. Kh2 Rxb1 44. d8Q Ra1 45. Qd2 b1Q 0-1

[Event "BCF-chT3 0910 (4NCL)"]
[Site "England"]
[Date "2010.02.20"]
[Round "5.6"]
[White "Kourtseva, Julie"]
[Black "Pritchard, Abigail"]
[Result "1-0"]
[WhiteElo "1706"]
[BlackElo "1592"]
[PlyCount "85"]
[EventDate "2009.10.24"]
[EventType "team-tourn"]
[EventRounds "11"]
[EventCountry "ENG"]
[SourceTitle "EXT 2011"]
[Source "ChessBase"]
[SourceDate "2010.11.26"]
[SourceVersion "1"]
[SourceVersionDate "2010.11.26"]
[SourceQuality "1"]
[WhiteTeam "Cambridge University II"]
[BlackTeam "AMCA Rhinos"]
[WhiteTeamCountry "ENG"]
[BlackTeamCountry "ENG"]

1. c4 Nf6 2. Nc3 g6 3. g3 Bg7 4. Bg2 0-0 5. Nf3 d6 6. Rb1 a5 7. 0-0 Nc6 8. a3 e5 9. d3 Ne8 10. b4 f5 11. Qb3 Kh8 12. e3 h6 13. Nh4 Qf6 14. Nd5 Qf7 15. b5 g5 16. bxc6 bxc6 17. Ng6+ Qxg6 18. Ne7 Qf6 19. Nxc8 Rxc8 20. Bxc6 f4 21. exf4 gxf4 22. f3 fxg3 23. hxg3 Qg6 24. Kg2 Nf6 25. Be4 Nxe4 26. dxe4 Rg8 27. Rh1 Bf8 28. Rh3 Re8 29. Bd2 Re7 30. Rbh1 Rh7 31. Qc3 Bg7 32. Qxa5 c5 33. Qc3 Ra8 34. Qc1 Rg8 35. g4 Qf7 36. Bxh6 Bxh6 37. Rxh6 Rgg7 38. R1h3 Rxh6 39. Rxh6+ Rh7 40. Qh1 Rxh6 41. Qxh6+ Kg8 42. Qxd6 Qxc4 43. Qd5+ 1-0

[Event "BCF-chT3 0910 (4NCL)"]
[Site "England"]
[Date "2010.01.17"]
[Round "4.6"]
[White "Pitt, Christopher"]
[Black "Kourtseva, Julie"]
[Result "0-1"]
[WhiteElo "1698"]
[BlackElo "1706"]
[PlyCount "86"]
[EventDate "2009.10.24"]
[EventType "team-tourn"]
[EventRounds "11"]
[EventCountry "ENG"]
[SourceTitle "EXT 2011"]
[Source "ChessBase"]
[SourceDate "2010.11.26"]
[SourceVersion "1"]
[SourceVersionDate "2010.11.26"]
[SourceQuality "1"]
[WhiteTeam "Halesowen"]
[BlackTeam "Cambridge University II"]
[WhiteTeamCountry "ENG"]
[BlackTeamCountry "ENG"]

1. e4 d5 2. exd5 Qxd5 3. Nc3 Qa5 4. d4 c6 5. Nf3 Bf5 6. Bd2 Qc7 7. h3 h6 8. g4 Bh7 9. Bg2 Nf6 10. 0-0 Nbd7 11. Re1 e6 12. g5 hxg5 13. Nxg5 Bf5 14. Qf3 Be7 15. Bf4 Qb6 16. Be5 Kf8 17. Nge4 Nxe4 18. Nxe4 Nf6 19. Nd6 Bxc2 20. Qc3 Bg6 21. Nxb7 Bb4 22. Bd6+ Bxd6 23. Nxd6 Nd5 24. Qc4 Qc7 25. Qc5 Kg8 26. Rac1 Rd8 27. Nb5 cxb5 28. Qxc7 Nxc7 29. Rxc7 Rxd4 30. Rxa7 Rh5 31. Rc1 Re5 32. Rc8+ Kh7 33. Raa8 Kh6 34. Rh8+ Kg5 35. Ra5 Kf6 36. Rb8 Bd3 37. Bf1 Re1 38. Ra7 Rxf1+ 39. Kg2 Rb1 40. Rbb7 Bg6 41. Rxb5 Rd2 42. a4 Rbxb2 43. Rab7 Be4+ 0-1